Oasis Singles by Cover - Statistics

General Stats
  • This quiz has been taken 16 times
  • The average score is 14 of 26
Answer Stats
Picture Answer % Correct
Whatever
100%
Stand by Me
93%
Some Might Say
73%
Wonderwall
73%
All Around the World
67%
Don't Look Back in Anger
67%
Go Let it Out
67%
Roll with It
67%
Supersonic
67%
D'You Know What I Mean?
60%
Little by Little / She is Love
60%
Live Forever
60%
Cigarettes and Alcohol
53%
Stop Crying Your Heart Out
53%
The Hindu Times
53%
Falling Down
47%
Lyla
47%
Shakermaker
47%
Sunday Morning Call
47%
The Shock of the Lightning
47%
I'm Outta Time
40%
Let There be Love
33%
Songbird
33%
The Importance of Being Idle
33%
Lord Don't Slow me Down
27%
Who Feels Love?
27%
No matching quizzes found
Score Distribution
Percent of People with Each Score
Percentile by Number Answered
Your Score History
You have not taken this quiz